000 00484nam a22001097a 4500
100 _aThomas, V
245 _aA quick method for preparation of sheet rubber
260 _bPLACROSYM XXIV: Coping with Pandemic and Beyond: Research and Innovations in the Plantation Crops Sector, 14-16 December 2021, Indian Cardamom Research Institute, Kochi, India, Book of Abstracts, p. 243
650 _aRubber sheet, Coagulant, Smoke drying, Vulcanizate property
700 _aJoseph, J
942 _cJS
999 _c74734
_d74734